000 00292nam a22001337a 4500
008 170715b xxu||||| |||| 00| 0 eng d
020 _a0816617503
041 _aeng
080 _a572
100 _a24
101 _aANT
245 _afeminism and anthropology
_cMOORE, H.L
942 _2udc
_cBK
999 _c21056
_d21056